| 000 | 00687nam a2200253Ia 4500 | ||
|---|---|---|---|
| 003 | OSt | ||
| 005 | 20220924121202.0 | ||
| 006 | a|||||r|||| 00| 0 | ||
| 007 | ta | ||
| 008 | 220923b |||||||| |||| 00| 0 tel d | ||
| 020 | _cRs..4 | ||
| 024 | _a344371 | ||
| 037 | _cTextual | ||
| 040 |
_aARTS _cARTS _btel |
||
| 041 |
_2tel _atel |
||
| 082 | _aO35,3NSUR94,1, N3 | ||
| 100 |
_aK.Surya Mukhi Au. _9184656 |
||
| 245 | 0 | _aJeevana Chitralu | |
| 260 |
_aHanumakonda _bSoujanya Publications India _c1993 |
||
| 300 |
_a252p. _ccm. |
||
| 650 | _aTELUGU LITERATURE | ||
| 942 |
_hO35,3NSUR94,1, N3 _cTEXL _2CC |
||
| 999 |
_c406249 _d406249 |
||